Zbierka úloh z matematiky

Salvato in:
Dettagli Bibliografici
Autore principale: Sekerová, Viera
Ente Autore: Ekonomická univerzita v Bratislave. Fakulta hospodárskej informatiky
Altri autori: Bilíková, Mária, 1951-, Pinda, Ľudovít, 1958-, Sakálová, Katarína, 1955-, Starečková, Anna
Natura: Libro
Lingua:slovacco
Pubblicazione: Bratislava EU 1994
Edizione:1. vyd.
Soggetti:
Tags: Aggiungi Tag
Nessun Tag, puoi essere il primo ad aggiungerne!!

MARC

LEADER 00000nam a2200000 4500
001 c004839
005 20240502071308.2
020 |a 80-225-0527-7 
041 0 |a slo 
044 |a SK 
245 1 0 |a Zbierka úloh z matematiky  |c Viera Sekerová 
250 |a 1. vyd. 
264 1 |a Bratislava  |b EU  |c 1994 
300 |a 304 s. 
610 2 0 |a matematika 
100 1 |a Sekerová, Viera 
700 1 |a Bilíková, Mária, 1951- 
700 1 |a Pinda, Ľudovít, 1958- 
700 1 |a Sakálová, Katarína, 1955- 
700 1 |a Starečková, Anna 
710 2 |a Ekonomická univerzita v Bratislave. Fakulta hospodárskej informatiky